[Event "Irena Warakomska Memorial A"]
[Site "Suwalki"]
[Date "2021.07.27"]
[Round "1"]
[White "Pacuszka, Tomasz"]
[Black "Leniart, Arkadiusz"]
[Result "1-0"]
[Board "8"]
[WhiteElo "2184"]
[WhiteTitle "FM"]
[WhiteCountry "POL"]
[WhiteFideId "1119036"]
[WhiteEloChange "17"]
[BlackElo "2499"]
[BlackTitle "GM"]
[BlackCountry "POL"]
[BlackFideId "1124226"]
[BlackEloChange "-9"]

1. e4 {[%clk 1:30:44]} c6 {[%clk 1:30:55]} 2. Nf3 {[%clk 1:30:08]} d5 {[%clk
1:30:58]} 3. d3 {[%clk 1:30:06]} Bg4 {[%clk 1:30:47]} 4. h3 {[%clk 1:29:07]} Bxf3
{[%clk 1:31:12]} 5. Qxf3 {[%clk 1:29:29]} e6 {[%clk 1:31:37]} 6. g3 {[%clk
1:29:32]} Nd7 {[%clk 1:31:23]} 7. Bg2 {[%clk 1:29:33]} g6 {[%clk 1:31:31]} 8. O-O
{[%clk 1:27:57]} Bg7 {[%clk 1:31:38]} 9. Qe2 {[%clk 1:27:46]} Ne7 {[%clk
1:31:53]} 10. a4 {[%clk 1:24:39]} a5 {[%clk 1:31:05]} 11. Nd2 {[%clk 1:23:10]}
O-O {[%clk 1:30:43]} 12. Nf3 {[%clk 1:16:48]} Qc7 {[%clk 1:23:08]} 13. Re1 {[%clk
1:15:22]} Rae8 {[%clk 1:18:03]} 14. e5 {[%clk 1:12:35]} c5 {[%clk 1:17:27]} 15.
c3 {[%clk 1:11:18]} Nc6 {[%clk 1:14:00]} 16. Bf4 {[%clk 1:11:26]} Rb8 {[%clk
1:12:35]} 17. d4 {[%clk 0:49:14]} Qb6 {[%clk 0:51:58]} 18. Red1 {[%clk 0:46:55]}
cxd4 {[%clk 0:46:34]} 19. cxd4 {[%clk 0:47:05]} Rfc8 {[%clk 0:45:24]} 20. Bf1
{[%clk 0:42:59]} Bf8 {[%clk 0:43:41]} 21. h4 {[%clk 0:42:53]} Nb4 {[%clk
0:41:59]} 22. Ne1 {[%clk 0:43:03]} Rc7 {[%clk 0:34:40]} 23. h5 {[%clk 0:40:59]}
Rbc8 {[%clk 0:35:05]} 24. hxg6 {[%clk 0:41:17]} hxg6 {[%clk 0:35:28]} 25. Qg4
{[%clk 0:30:48]} Bg7 {[%clk 0:35:49]} 26. Bb5 {[%clk 0:29:06]} Nf8 {[%clk
0:33:07]} 27. Rab1 {[%clk 0:28:08]} Nc6 {[%clk 0:31:31]} 28. Nf3 {[%clk 0:28:03]}
Na7 {[%clk 0:27:13]} 29. Bd3 {[%clk 0:20:50]} Qb3 {[%clk 0:27:35]} 30. Qh4 {[%clk
0:20:59]} Nc6 {[%clk 0:13:30]} 31. Bh6 {[%clk 0:18:01]} Nh7 {[%clk 0:13:53]} 32.
Kg2 {[%clk 0:17:56]} Bh8 {[%clk 0:14:10]} 33. Be3 {[%clk 0:15:11]} Nb4 {[%clk
0:13:28]} 34. Bb5 {[%clk 0:06:42]} Qc2 {[%clk 0:04:43]} 35. Rbc1 {[%clk 0:05:40]}
g5 {[%clk 0:02:31]} 36. Nxg5 {[%clk 0:05:15]} Qf5 {[%clk 0:02:19]} 37. Rxc7
{[%clk 0:05:26]} Rxc7 {[%clk 0:02:45]} 38. Nxh7 {[%clk 0:05:43]} Qxh7 {[%clk
0:02:17]} 39. Qd8+ {[%clk 0:05:10]} Kg7 {[%clk 0:02:41]} 40. Qxc7 {[%clk
0:35:26]} 1-0

[Event "Irena Warakomska Memorial A"]
[Site "Suwalki"]
[Date "2021.07.27"]
[Round "1"]
[White "Jakubowski, Krzysztof"]
[Black "Lach, Aleksandra"]
[Result "1-0"]
[Board "9"]
[WhiteElo "2497"]
[WhiteTitle "GM"]
[WhiteCountry "POL"]
[WhiteFideId "1112848"]
[WhiteEloChange "1"]
[BlackElo "2183"]
[BlackTitle "WIM"]
[BlackCountry "POL"]
[BlackFideId "1134299"]
[BlackEloChange "-3"]

1. c4 {[%clk 1:30:55]} f5 {[%clk 1:28:48]} 2. d4 {[%clk 1:31:01]} Nf6 {[%clk
1:27:54]} 3. Nc3 {[%clk 1:31:13]} d6 {[%clk 1:28:05]} 4. Bg5 {[%clk 1:30:01]}
Nbd7 {[%clk 1:27:11]} 5. Qc2 {[%clk 1:30:10]} g6 {[%clk 1:26:20]} 6. O-O-O {[%clk
1:30:14]} Bg7 {[%clk 1:25:18]} 7. h4 {[%clk 1:29:18]} O-O {[%clk 1:17:07]} 8. Nh3
{[%clk 1:26:02]} Nh5 {[%clk 0:59:54]} 9. e4 {[%clk 1:13:13]} h6 {[%clk 0:46:17]}
10. exf5 {[%clk 1:06:32]} gxf5 {[%clk 0:37:14]} 11. Be2 {[%clk 0:56:38]} hxg5
{[%clk 0:24:49]} 12. hxg5 {[%clk 0:55:18]} e5 {[%clk 0:23:55]} 13. Bxh5 {[%clk
0:53:15]} exd4 {[%clk 0:15:44]} 14. Qe2 {[%clk 0:49:58]} Ne5 {[%clk 0:12:43]} 15.
Rxd4 {[%clk 0:49:29]} f4 {[%clk 0:12:32]} 16. Ne4 {[%clk 0:39:12]} Bxh3 {[%clk
0:08:41]} 17. Rxh3 {[%clk 0:39:09]} Qc8 {[%clk 0:08:43]} 18. Nf6+ {[%clk
0:36:40]} Bxf6 {[%clk 0:08:37]} 19. gxf6 {[%clk 0:37:06]} Rxf6 {[%clk 0:08:51]}
20. Bf3 {[%clk 0:33:22]} Qf5 {[%clk 0:07:16]} 21. Be4 {[%clk 0:30:20]} Qg5 {[%clk
0:06:53]} 22. Rh5 {[%clk 0:30:36]} Qg7 {[%clk 0:07:01]} 23. Rd1 {[%clk 0:29:32]}
Rh6 {[%clk 0:03:12]} 24. Rdh1 {[%clk 0:28:22]} Rxh5 {[%clk 0:03:35]} 25. Qxh5
{[%clk 0:27:47]} c6 {[%clk 0:03:46]} 26. Rh4 {[%clk 0:25:00]} f3 {[%clk 0:02:54]}
27. g3 {[%clk 0:24:56]} Rd8 {[%clk 0:02:21]} 28. Qf5 {[%clk 0:17:23]} Rf8 {[%clk
0:02:21]} 29. Qh3 {[%clk 0:17:23]} Rf7 {[%clk 0:00:50]} 30. Kb1 {[%clk 0:14:37]}
Kf8 {[%clk 0:00:48]} 31. Qc8+ {[%clk 0:13:13]} Ke7 {[%clk 0:01:17]} 32. Qxb7+
{[%clk 0:13:34]} Ke6 {[%clk 0:00:54]} 33. Qc8+ {[%clk 0:12:58]} Ke7 {[%clk
0:00:46]} 34. Rh8 {[%clk 0:12:28]} Rf8 {[%clk 0:00:42]} 35. Qc7+ {[%clk 0:12:42]}
Nd7 {[%clk 0:00:38]} 36. Rh7 {[%clk 0:13:03]} 1-0

[Event "Irena Warakomska Memorial A"]
[Site "Suwalki"]
[Date "2021.07.27"]
[Round "1"]
[White "Warchol, Kamil"]
[Black "Pultinevicius, Paulius"]
[Result "0-1"]
[Board "10"]
[WhiteElo "2183"]
[WhiteTitle "CM"]
[WhiteCountry "POL"]
[WhiteFideId "21858241"]
[WhiteEloChange "-3"]
[BlackElo "2492"]
[BlackTitle "GM"]
[BlackCountry "LTU"]
[BlackFideId "12809390"]
[BlackEloChange "1"]

1. e4 {[%clk 1:30:40]} c6 {[%clk 1:30:56]} 2. d4 {[%clk 1:30:39]} d5 {[%clk
1:31:20]} 3. f3 {[%clk 1:30:42]} e6 {[%clk 1:29:47]} 4. Nc3 {[%clk 1:30:06]} Bb4
{[%clk 1:29:49]} 5. Bf4 {[%clk 1:29:50]} Nf6 {[%clk 1:28:08]} 6. Qd3 {[%clk
1:29:27]} b6 {[%clk 1:25:33]} 7. Ne2 {[%clk 1:28:37]} Ba6 {[%clk 1:22:05]} 8. Qe3
{[%clk 1:28:41]} Nbd7 {[%clk 1:20:16]} 9. O-O-O {[%clk 1:20:11]} Qc8 {[%clk
1:17:40]} 10. g4 {[%clk 1:09:05]} Qb7 {[%clk 1:12:49]} 11. Ng3 {[%clk 0:58:17]}
dxe4 {[%clk 1:01:19]} 12. Ngxe4 {[%clk 0:47:50]} Bxf1 {[%clk 0:56:30]} 13. Rhxf1
{[%clk 0:46:48]} O-O {[%clk 0:54:44]} 14. g5 {[%clk 0:34:33]} Nd5 {[%clk
0:54:01]} 15. Nxd5 {[%clk 0:33:28]} cxd5 {[%clk 0:52:37]} 16. Nf6+ {[%clk
0:31:26]} Kh8 {[%clk 0:42:02]} 17. Ng4 {[%clk 0:30:30]} Rac8 {[%clk 0:28:11]} 18.
h4 {[%clk 0:24:52]} Rc4 {[%clk 0:28:36]} 19. Rf2 {[%clk 0:23:36]} Rfc8 {[%clk
0:28:56]} 20. h5 {[%clk 0:18:01]} Qc6 {[%clk 0:20:20]} 21. Qb3 {[%clk 0:12:11]}
Nc5 {[%clk 0:18:07]} 22. Qe3 {[%clk 0:09:29]} Na4 {[%clk 0:14:55]} 23. Ne5 {[%clk
0:08:13]} Rxc2+ {[%clk 0:15:01]} 24. Kb1 {[%clk 0:08:34]} Bd2 {[%clk 0:09:01]}
25. Qxd2 {[%clk 0:03:28]} Rxd2 {[%clk 0:09:21]} 26. Rfxd2 {[%clk 0:03:38]} Qb5
{[%clk 0:08:19]} 27. Ka1 {[%clk 0:02:26]} Kg8 {[%clk 0:06:55]} 28. h6 {[%clk
0:02:34]} Qa5 {[%clk 0:03:48]} 29. hxg7 {[%clk 0:02:20]} Kxg7 {[%clk 0:03:18]}
30. Ng4 {[%clk 0:02:13]} b5 {[%clk 0:02:57]} 31. Be5+ {[%clk 0:02:26]} Kf8 {[%clk
0:02:46]} 32. Rh2 {[%clk 0:02:10]} Qb4 {[%clk 0:02:52]} 33. Rb1 {[%clk 0:01:44]}
Ke7 {[%clk 0:02:51]} 34. Bf6+ {[%clk 0:01:29]} Kd6 {[%clk 0:02:35]} 35. Ne5
{[%clk 0:01:22]} Kc7 {[%clk 0:01:14]} 36. Nxf7 {[%clk 0:01:04]} Kb6 {[%clk
0:00:34]} 37. Be5 {[%clk 0:01:00]} Ka6 {[%clk 0:00:46]} 38. f4 {[%clk 0:01:04]}
Qe7 {[%clk 0:00:51]} 39. Nh6 {[%clk 0:01:01]} b4 {[%clk 0:01:05]} 40. Rh3 {[%clk
0:30:54]} Rc2 {[%clk 0:30:53]} 41. Ng8 {[%clk 0:28:30]} Qe8 {[%clk 0:30:53]} 42.
Nf6 {[%clk 0:28:37]} Qc6 {[%clk 0:30:31]} 43. f5 {[%clk 0:11:57]} Nc3 {[%clk
0:30:22]} 44. bxc3 {[%clk 0:11:18]} Qa4 {[%clk 0:30:34]} 45. Rb2 {[%clk 0:11:36]}
Rc1+ {[%clk 0:30:59]} 46. Rb1 {[%clk 0:11:58]} Qc2 {[%clk 0:31:23]} 0-1

[Event "Irena Warakomska Memorial A"]
[Site "Suwalki"]
[Date "2021.07.27"]
[Round "1"]
[White "Kosakowski, Jakub"]
[Black "Dzhuguryan, Tygran"]
[Result "1/2-1/2"]
[Board "11"]
[WhiteElo "2417"]
[WhiteTitle "IM"]
[WhiteCountry "POL"]
[WhiteFideId "1185080"]
[WhiteEloChange "-3"]
[BlackElo "2176"]
[BlackCountry "POL"]
[BlackFideId "21872988"]
[BlackEloChange "6"]

1. Nf3 {[%clk 1:30:45]} d5 {[%clk 1:30:43]} 2. b3 {[%clk 1:31:00]} Bf5 {[%clk
1:28:42]} 3. Bb2 {[%clk 1:31:19]} e6 {[%clk 1:28:58]} 4. e3 {[%clk 1:29:14]} h6
{[%clk 1:28:48]} 5. d4 {[%clk 1:24:22]} Nf6 {[%clk 1:27:11]} 6. Bd3 {[%clk
1:24:17]} c6 {[%clk 1:25:27]} 7. Bxf5 {[%clk 1:17:24]} exf5 {[%clk 1:25:55]} 8.
Qd3 {[%clk 1:16:35]} Qd7 {[%clk 1:17:00]} 9. O-O {[%clk 1:15:33]} Bd6 {[%clk
1:16:18]} 10. c4 {[%clk 1:14:35]} O-O {[%clk 1:16:39]} 11. Nc3 {[%clk 1:08:50]}
Qe6 {[%clk 1:14:42]} 12. cxd5 {[%clk 1:04:59]} Nxd5 {[%clk 1:14:45]} 13. Nh4
{[%clk 0:39:46]} Nxc3 {[%clk 0:54:03]} 14. Qxc3 {[%clk 0:35:25]} Re8 {[%clk
0:41:12]} 15. g3 {[%clk 0:27:23]} Qd5 {[%clk 0:40:34]} 16. f3 {[%clk 0:19:22]}
Nd7 {[%clk 0:32:37]} 17. Rae1 {[%clk 0:17:37]} Nf6 {[%clk 0:31:40]} 18. Qc2
{[%clk 0:17:16]} g6 {[%clk 0:31:52]} 19. Ng2 {[%clk 0:17:20]} Bc7 {[%clk
0:28:42]} 20. Nf4 {[%clk 0:14:37]} Bxf4 {[%clk 0:28:44]} 21. gxf4 {[%clk
0:15:01]} Re6 {[%clk 0:29:00]} 22. Kf2 {[%clk 0:14:09]} Rae8 {[%clk 0:29:25]} 23.
Rg1 {[%clk 0:12:39]} Kh7 {[%clk 0:29:27]} 24. Qc3 {[%clk 0:10:33]} Rg8 {[%clk
0:27:48]} 25. Qc5 {[%clk 0:09:37]} Qxc5 {[%clk 0:27:26]} 26. dxc5 {[%clk
0:10:05]} Nd5 {[%clk 0:27:08]} 27. a3 {[%clk 0:02:55]} Rge8 {[%clk 0:26:55]} 28.
Bd4 {[%clk 0:02:51]} h5 {[%clk 0:25:00]} 29. h4 {[%clk 0:02:50]} f6 {[%clk
0:24:39]} 30. b4 {[%clk 0:02:18]} a6 {[%clk 0:25:01]} 31. Rh1 {[%clk 0:01:32]}
Kg7 {[%clk 0:25:21]} 32. Rhg1 {[%clk 0:02:01]} Kf7 {[%clk 0:25:50]} 33. Rh1
{[%clk 0:02:17]} R6e7 {[%clk 0:25:35]} 34. Rhg1 {[%clk 0:02:26]} Rd7 {[%clk
0:24:52]} 35. Rd1 {[%clk 0:01:50]} Red8 {[%clk 0:24:43]} 36. Ba1 {[%clk 0:02:10]}
Nc7 {[%clk 0:24:51]} 37. Rxd7+ {[%clk 0:02:25]} Rxd7 {[%clk 0:25:20]} 38. Ke2
{[%clk 0:02:43]} Ne6 {[%clk 0:23:41]} 39. Bc3 {[%clk 0:02:44]} Rd8 {[%clk
0:23:42]} 40. a4 {[%clk 0:31:16]} Rd7 {[%clk 0:53:10]} 41. Rc1 {[%clk 0:30:24]}
Rd8 {[%clk 0:52:11]} 42. Be1 {[%clk 0:29:54]} Rd7 {[%clk 0:51:56]} 43. Rb1 {[%clk
0:29:41]} Nc7 {[%clk 0:51:37]} 44. Bd2 {[%clk 0:28:25]} Ke6 {[%clk 0:50:49]} 45.
Bc3 {[%clk 0:26:28]} Kf7 {[%clk 0:50:57]} 46. Bd4 {[%clk 0:26:23]} Ne6 {[%clk
0:50:46]} 47. Kd3 {[%clk 0:26:25]} Rd5 {[%clk 0:44:28]} 48. Kc4 {[%clk 0:22:50]}
g5 {[%clk 0:42:27]} 49. hxg5 {[%clk 0:19:07]} fxg5 {[%clk 0:42:54]} 50. fxg5
{[%clk 0:19:09]} Nxg5 {[%clk 0:37:53]} 51. f4 {[%clk 0:14:39]} Nf3 {[%clk
0:33:15]} 52. Rh1 {[%clk 0:13:56]} Kg6 {[%clk 0:33:38]} 53. b5 {[%clk 0:09:39]}
axb5+ {[%clk 0:33:56]} 54. axb5 {[%clk 0:10:07]} h4 {[%clk 0:33:06]} 55. Rh3
{[%clk 0:03:10]} 1/2-1/2

[Event "Irena Warakomska Memorial A"]
[Site "Suwalki"]
[Date "2021.07.27"]
[Round "1"]
[White "Juknis, Paulius"]
[Black "Hnydiuk, Aleksander"]
[Result "1/2-1/2"]
[Board "12"]
[WhiteElo "2172"]
[WhiteCountry "LTU"]
[WhiteFideId "12802247"]
[WhiteEloChange "6"]
[BlackElo "2407"]
[BlackTitle "IM"]
[BlackCountry "POL"]
[BlackFideId "1109057"]
[BlackEloChange "-3"]

1. e4 {[%clk 1:30:53]} c5 {[%clk 1:30:53]} 2. Nc3 {[%clk 1:30:52]} Nc6 {[%clk
1:31:15]} 3. Bb5 {[%clk 1:30:43]} Nd4 {[%clk 1:31:40]} 4. Nf3 {[%clk 1:30:43]} e6
{[%clk 1:32:02]} 5. O-O {[%clk 1:30:47]} a6 {[%clk 1:32:06]} 6. Bd3 {[%clk
1:31:02]} Nc6 {[%clk 1:31:53]} 7. Nd5 {[%clk 1:30:32]} d6 {[%clk 1:30:34]} 8. Ne3
{[%clk 1:27:59]} Nf6 {[%clk 1:29:47]} 9. c3 {[%clk 1:25:11]} d5 {[%clk 1:21:47]}
10. exd5 {[%clk 1:19:46]} Nxd5 {[%clk 1:21:43]} 11. Bc2 {[%clk 1:12:18]} Be7
{[%clk 0:58:40]} 12. d4 {[%clk 1:09:31]} cxd4 {[%clk 0:50:08]} 13. Nxd4 {[%clk
1:08:25]} O-O {[%clk 0:49:02]} 14. Ndf5 {[%clk 0:39:33]} Bf6 {[%clk 0:34:17]} 15.
Ng3 {[%clk 0:35:36]} g6 {[%clk 0:28:06]} 16. Re1 {[%clk 0:26:33]} Bg7 {[%clk
0:26:07]} 17. Ne4 {[%clk 0:23:32]} b6 {[%clk 0:23:42]} 18. Bb3 {[%clk 0:22:53]}
Nce7 {[%clk 0:22:11]} 19. Nxd5 {[%clk 0:18:37]} Nxd5 {[%clk 0:20:30]} 20. Bg5
{[%clk 0:18:29]} f6 {[%clk 0:19:30]} 21. Bd2 {[%clk 0:18:16]} Qc7 {[%clk
0:12:53]} 22. c4 {[%clk 0:17:33]} Ne7 {[%clk 0:12:09]} 23. Bc3 {[%clk 0:16:35]}
Kh8 {[%clk 0:08:49]} 24. Qd6 {[%clk 0:15:28]} Ra7 {[%clk 0:07:20]} 25. Rad1
{[%clk 0:15:03]} Nf5 {[%clk 0:04:13]} 26. Qxc7 {[%clk 0:13:48]} Rxc7 {[%clk
0:04:41]} 27. Nd6 {[%clk 0:12:18]} e5 {[%clk 0:02:44]} 28. f4 {[%clk 0:02:14]}
exf4 {[%clk 0:02:35]} 29. Bb4 {[%clk 0:02:41]} Ne3 {[%clk 0:02:38]} 30. Rd2
{[%clk 0:02:21]} h5 {[%clk 0:01:40]} 31. g3 {[%clk 0:00:56]} Bh6 {[%clk 0:01:40]}
32. Ne4 {[%clk 0:01:09]} Rff7 {[%clk 0:00:33]} 1/2-1/2

[Event "Irena Warakomska Memorial A"]
[Site "Suwalki"]
[Date "2021.07.27"]
[Round "1"]
[White "Licznerski, Lukasz"]
[Black "Wikar, Martyna"]
[Result "1-0"]
[Board "13"]
[WhiteElo "2400"]
[WhiteTitle "FM"]
[WhiteCountry "POL"]
[WhiteFideId "1179250"]
[WhiteEloChange "2"]
[BlackElo "2168"]
[BlackCountry "POL"]
[BlackFideId "21807663"]
[BlackEloChange "-4"]

1. e4 {[%clk 1:23:46]} c5 {[%clk 1:30:52]} 2. Nf3 {[%clk 1:24:11]} Nc6 {[%clk
1:31:14]} 3. d4 {[%clk 1:24:32]} cxd4 {[%clk 1:31:37]} 4. Nxd4 {[%clk 1:24:59]}
e5 {[%clk 1:31:52]} 5. Nb5 {[%clk 1:25:15]} d6 {[%clk 1:32:15]} 6. N1c3 {[%clk
1:24:48]} a6 {[%clk 1:32:36]} 7. Na3 {[%clk 1:25:16]} Be6 {[%clk 1:32:10]} 8. Nc4
{[%clk 1:22:13]} Rb8 {[%clk 1:32:31]} 9. Ne3 {[%clk 1:21:03]} Nf6 {[%clk
1:31:51]} 10. g3 {[%clk 1:20:54]} g6 {[%clk 1:30:43]} 11. Bg2 {[%clk 1:16:30]}
Bg7 {[%clk 1:30:48]} 12. O-O {[%clk 1:01:24]} O-O {[%clk 1:30:38]} 13. Ned5
{[%clk 0:53:38]} Bxd5 {[%clk 1:27:28]} 14. Nxd5 {[%clk 0:51:25]} Nxd5 {[%clk
1:19:16]} 15. Qxd5 {[%clk 0:51:11]} Qc7 {[%clk 1:18:27]} 16. c3 {[%clk 0:49:49]}
b5 {[%clk 1:15:57]} 17. Rd1 {[%clk 0:48:22]} Rfd8 {[%clk 1:09:54]} 18. Bg5 {[%clk
0:48:42]} Ne7 {[%clk 1:09:21]} 19. Qd2 {[%clk 0:48:46]} Qb7 {[%clk 1:06:23]} 20.
a4 {[%clk 0:36:01]} f6 {[%clk 0:53:41]} 21. Be3 {[%clk 0:36:28]} bxa4 {[%clk
0:51:18]} 22. Qd3 {[%clk 0:36:16]} Qb3 {[%clk 0:43:09]} 23. Rd2 {[%clk 0:33:58]}
Bf8 {[%clk 0:30:06]} 24. Ra3 {[%clk 0:30:17]} Qb5 {[%clk 0:29:45]} 25. Qc2 {[%clk
0:30:02]} d5 {[%clk 0:25:09]} 26. Rxa4 {[%clk 0:25:07]} dxe4 {[%clk 0:21:17]} 27.
Rb4 {[%clk 0:19:00]} Qe8 {[%clk 0:17:50]} 28. Rxb8 {[%clk 0:17:49]} Rxb8 {[%clk
0:18:13]} 29. Qxe4 {[%clk 0:18:00]} Qf7 {[%clk 0:16:15]} 30. Bf1 {[%clk 0:17:35]}
Kg7 {[%clk 0:11:25]} 31. Ba7 {[%clk 0:12:39]} Rc8 {[%clk 0:10:41]} 32. Bxa6
{[%clk 0:10:39]} Rc7 {[%clk 0:10:36]} 33. Bb8 {[%clk 0:10:24]} Rc6 {[%clk
0:09:21]} 34. Bb5 {[%clk 0:09:56]} Rb6 {[%clk 0:08:25]} 35. Bc4 {[%clk 0:10:13]}
Qe8 {[%clk 0:08:53]} 36. Ba7 {[%clk 0:09:48]} Qc6 {[%clk 0:08:17]} 37. Bd5 {[%clk
0:10:01]} Nxd5 {[%clk 0:04:28]} 38. Bxb6 {[%clk 0:10:27]} Qxb6 {[%clk 0:04:17]}
39. Qxd5 {[%clk 0:10:48]} 1-0

[Event "Irena Warakomska Memorial A"]
[Site "Suwalki"]
[Date "2021.07.27"]
[Round "1"]
[White "Golecki, Jan"]
[Black "Socko, Monika"]
[Result "0-1"]
[Board "14"]
[WhiteElo "2161"]
[WhiteCountry "POL"]
[WhiteFideId "1184008"]
[WhiteEloChange "-4"]
[BlackElo "2393"]
[BlackTitle "GM"]
[BlackCountry "POL"]
[BlackFideId "1106619"]
[BlackEloChange "4"]

1. Nf3 {[%clk 1:30:47]} Nf6 {[%clk 1:30:46]} 2. b3 {[%clk 1:31:10]} g6 {[%clk
1:30:19]} 3. Bb2 {[%clk 1:30:51]} Bg7 {[%clk 1:30:43]} 4. c4 {[%clk 1:25:25]} d6
{[%clk 1:27:35]} 5. Nc3 {[%clk 1:24:26]} O-O {[%clk 1:24:13]} 6. d4 {[%clk
1:21:33]} c6 {[%clk 1:20:02]} 7. e4 {[%clk 1:16:20]} a6 {[%clk 1:17:25]} 8. Bd3
{[%clk 1:07:07]} Nh5 {[%clk 1:13:16]} 9. Qd2 {[%clk 1:03:05]} Bg4 {[%clk
1:01:19]} 10. Ne2 {[%clk 1:02:20]} c5 {[%clk 0:55:55]} 11. Nfg1 {[%clk 0:54:48]}
Nc6 {[%clk 0:52:43]} 12. f3 {[%clk 0:53:05]} Bd7 {[%clk 0:51:37]} 13. g4 {[%clk
0:52:14]} Nf6 {[%clk 0:52:03]} 14. d5 {[%clk 0:43:14]} Ne5 {[%clk 0:49:15]} 15.
Bxe5 {[%clk 0:40:03]} dxe5 {[%clk 0:49:40]} 16. Ng3 {[%clk 0:39:00]} e6 {[%clk
0:46:56]} 17. dxe6 {[%clk 0:37:24]} Bxe6 {[%clk 0:45:28]} 18. N1e2 {[%clk
0:33:55]} b5 {[%clk 0:43:59]} 19. Rd1 {[%clk 0:31:38]} b4 {[%clk 0:41:37]} 20. h4
{[%clk 0:31:29]} Qe7 {[%clk 0:40:55]} 21. Rg1 {[%clk 0:24:47]} Kh8 {[%clk
0:32:37]} 22. g5 {[%clk 0:21:27]} Ng8 {[%clk 0:28:15]} 23. h5 {[%clk 0:17:49]}
Rfd8 {[%clk 0:27:43]} 24. Nf1 {[%clk 0:12:15]} Rd6 {[%clk 0:24:27]} 25. Ne3
{[%clk 0:11:49]} gxh5 {[%clk 0:19:32]} 26. Ng3 {[%clk 0:08:05]} Qxg5 {[%clk
0:16:04]} 27. Qf2 {[%clk 0:08:13]} Qd8 {[%clk 0:13:46]} 28. Ngf5 {[%clk 0:02:46]}
Bxf5 {[%clk 0:12:25]} 29. Nxf5 {[%clk 0:03:09]} Rxd3 {[%clk 0:11:03]} 30. Rxd3
{[%clk 0:01:05]} Qxd3 {[%clk 0:11:29]} 31. Nxg7 {[%clk 0:00:44]} Rd8 {[%clk
0:08:28]} 32. Qxc5 {[%clk 0:01:04]} Qxf3 {[%clk 0:08:29]} 33. Qf8 {[%clk
0:00:54]} 0-1

[Event "Irena Warakomska Memorial A"]
[Site "Suwalki"]
[Date "2021.07.27"]
[Round "1"]
[White "Szpar, Milosz"]
[Black "Praczukowski, Stanislaw"]
[Result "1-0"]
[Board "15"]
[WhiteElo "2392"]
[WhiteTitle "FM"]
[WhiteCountry "POL"]
[WhiteFideId "1184989"]
[WhiteEloChange "4"]
[BlackElo "2156"]
[BlackCountry "POL"]
[BlackFideId "1182730"]
[BlackEloChange "-4"]

1. e4 {[%clk 1:30:32]} c5 {[%clk 1:30:28]} 2. Nf3 {[%clk 1:30:51]} e6 {[%clk
1:30:03]} 3. d4 {[%clk 1:30:33]} cxd4 {[%clk 1:30:14]} 4. Nxd4 {[%clk 1:30:57]}
Nc6 {[%clk 1:30:14]} 5. Nc3 {[%clk 1:30:23]} a6 {[%clk 1:29:34]} 6. Nxc6 {[%clk
1:23:41]} bxc6 {[%clk 1:29:47]} 7. Bd3 {[%clk 1:23:28]} d5 {[%clk 1:29:02]} 8.
O-O {[%clk 1:23:26]} Nf6 {[%clk 1:28:58]} 9. Re1 {[%clk 1:22:22]} Be7 {[%clk
1:28:34]} 10. Bf4 {[%clk 1:15:39]} O-O {[%clk 1:17:47]} 11. Qf3 {[%clk 1:04:29]}
a5 {[%clk 1:06:11]} 12. Qe2 {[%clk 0:54:25]} a4 {[%clk 0:57:50]} 13. exd5 {[%clk
0:51:28]} cxd5 {[%clk 0:56:52]} 14. Nb5 {[%clk 0:51:43]} Ba6 {[%clk 0:52:11]} 15.
c4 {[%clk 0:49:37]} dxc4 {[%clk 0:37:27]} 16. Bxc4 {[%clk 0:49:40]} Nd5 {[%clk
0:34:10]} 17. Be5 {[%clk 0:41:30]} Bxb5 {[%clk 0:28:51]} 18. Bxb5 {[%clk
0:41:53]} Qb6 {[%clk 0:18:06]} 19. Rac1 {[%clk 0:37:35]} Bf6 {[%clk 0:11:52]} 20.
Rc6 {[%clk 0:30:21]} Qa5 {[%clk 0:09:55]} 21. Bd6 {[%clk 0:22:14]} Rfc8 {[%clk
0:05:42]} 22. Rec1 {[%clk 0:18:00]} Rxc6 {[%clk 0:06:01]} 23. Rxc6 {[%clk
0:17:37]} Be7 {[%clk 0:03:54]} 24. Be5 {[%clk 0:11:58]} Bf6 {[%clk 0:03:43]} 25.
Bxf6 {[%clk 0:11:18]} Nxf6 {[%clk 0:03:52]} 26. g3 {[%clk 0:11:04]} h6 {[%clk
0:03:45]} 27. Rc4 {[%clk 0:10:01]} a3 {[%clk 0:03:20]} 28. b4 {[%clk 0:07:50]}
Qb6 {[%clk 0:03:40]} 29. Bc6 {[%clk 0:07:21]} Rd8 {[%clk 0:03:48]} 30. b5 {[%clk
0:06:47]} Qa5 {[%clk 0:03:43]} 31. Rc2 {[%clk 0:02:44]} Qb4 {[%clk 0:03:51]} 32.
Kg2 {[%clk 0:02:53]} Qd4 {[%clk 0:02:16]} 33. Rc4 {[%clk 0:01:38]} Qd2 {[%clk
0:01:12]} 34. Qxd2 {[%clk 0:01:04]} Rxd2 {[%clk 0:01:41]} 35. b6 {[%clk 0:01:27]}
Rxa2 {[%clk 0:01:05]} 36. b7 {[%clk 0:01:41]} Rb2 {[%clk 0:01:02]} 37. Ra4 {[%clk
0:01:57]} Nd5 {[%clk 0:00:33]} 38. Bxd5 {[%clk 0:01:33]} 1-0

[Event "Irena Warakomska Memorial A"]
[Site "Suwalki"]
[Date "2021.07.27"]
[Round "1"]
[White "Kacprzak, Karol"]
[Black "Lewtak, Damian"]
[Result "1/2-1/2"]
[Board "16"]
[WhiteElo "2151"]
[WhiteCountry "POL"]
[WhiteFideId "21819327"]
[WhiteEloChange "6"]
[BlackElo "2380"]
[BlackTitle "IM"]
[BlackCountry "POL"]
[BlackFideId "1141724"]
[BlackEloChange "-6"]

1. e4 {[%clk 1:30:57]} e6 {[%clk 1:30:52]} 2. d4 {[%clk 1:31:19]} d5 {[%clk
1:31:19]} 3. Nc3 {[%clk 1:31:38]} Bb4 {[%clk 1:31:44]} 4. e5 {[%clk 1:31:57]} Qd7
{[%clk 1:32:07]} 5. Qg4 {[%clk 1:30:46]} f5 {[%clk 1:32:31]} 6. Qg3 {[%clk
1:27:39]} b6 {[%clk 1:32:47]} 7. Bd2 {[%clk 1:17:03]} Ba6 {[%clk 1:32:41]} 8.
Bxa6 {[%clk 1:17:07]} Nxa6 {[%clk 1:33:07]} 9. Nge2 {[%clk 1:12:01]} O-O-O {[%clk
1:30:13]} 10. O-O-O {[%clk 0:58:13]} Bf8 {[%clk 1:20:37]} 11. h4 {[%clk 0:55:44]}
c5 {[%clk 1:15:01]} 12. Bg5 {[%clk 0:50:50]} Re8 {[%clk 1:13:01]} 13. dxc5 {[%clk
0:42:41]} bxc5 {[%clk 1:12:21]} 14. Nf4 {[%clk 0:42:58]} Nc7 {[%clk 1:02:51]} 15.
Nce2 {[%clk 0:31:28]} Qf7 {[%clk 0:59:16]} 16. h5 {[%clk 0:30:12]} Nh6 {[%clk
0:59:38]} 17. Bxh6 {[%clk 0:23:02]} gxh6 {[%clk 1:00:01]} 18. c4 {[%clk 0:23:29]}
Qg7 {[%clk 0:52:13]} 19. cxd5 {[%clk 0:11:52]} exd5 {[%clk 0:51:27]} 20. Nxd5
{[%clk 0:11:00]} Qxe5 {[%clk 0:51:09]} 21. Nef4 {[%clk 0:07:02]} Bd6 {[%clk
0:44:40]} 22. Qa3 {[%clk 0:07:18]} Qe4 {[%clk 0:40:48]} 23. g3 {[%clk 0:07:15]}
Qc4+ {[%clk 0:40:06]} 24. Kb1 {[%clk 0:06:01]} Kb8 {[%clk 0:38:52]} 25. Nxc7
{[%clk 0:04:30]} Bxc7 {[%clk 0:39:15]} 26. Nd5 {[%clk 0:04:42]} Bb6 {[%clk
0:35:14]} 27. Nxb6 {[%clk 0:01:57]} axb6 {[%clk 0:35:36]} 28. Rhe1 {[%clk
0:01:44]} Re4 {[%clk 0:29:20]} 29. Rxe4 {[%clk 0:01:19]} Qxe4+ {[%clk 0:29:46]}
30. Ka1 {[%clk 0:00:52]} Kb7 {[%clk 0:28:03]} 31. Qb3 {[%clk 0:00:49]} Re8 {[%clk
0:24:23]} 32. a3 {[%clk 0:00:58]} c4 {[%clk 0:13:53]} 33. Qb5 {[%clk 0:01:10]}
Rc8 {[%clk 0:13:04]} 34. Rd7+ {[%clk 0:00:49]} Rc7 {[%clk 0:13:29]} 35. Rxc7+
{[%clk 0:00:36]} Kxc7 {[%clk 0:13:52]} 36. Qb4 {[%clk 0:00:45]} Kc6 {[%clk
0:10:35]} 37. Ka2 {[%clk 0:00:52]} Qd5 {[%clk 0:09:57]} 38. Ka1 {[%clk 0:00:40]}
b5 {[%clk 0:09:31]} 39. Qe1 {[%clk 0:00:50]} Qd6 {[%clk 0:08:15]} 40. Qe8+ {[%clk
0:30:50]} Kb6 {[%clk 0:37:10]} 41. Qe3+ {[%clk 0:28:31]} Ka6 {[%clk 0:37:19]}
1/2-1/2